My Books Easy To Read Fairy Tales/ (Record no. 78529)

MARC details
000 -LEADER
fixed length control field 00686nam a22001937a 4500
005 - DATE AND TIME OF LATEST TRANSACTION
control field 20130902151337.0
010 ## - LCCN (DPL NO)
LC control number B-523160-169
020 ## - INTERNATIONAL STANDARD BOOK NUMBER
International Standard Book Number 9789380842912
Terms of availability 130
020 ## - INTERNATIONAL STANDARD BOOK NUMBER
International Standard Book Number 9380842910
Terms of availability 130.00
035 ## - SYSTEM CONTROL NUMBER
System control number B-523160-169
037 ## - SOURCE OF ACQUISITION
Stock number dpl
Source of stock number/acquisition UBH/Ven
082 ## - DEWEY DECIMAL CLASSIFICATION NUMBER
Classification number S
245 ## - TITLE STATEMENT
Title My Books Easy To Read Fairy Tales/
Statement of responsibility, etc retold by Rashmi Abhisheki; illustrated by Ajit Gaonkar
260 ## - PUBLICATION, DISTRIBUTION, ETC. (IMPRINT)
Place of publication, distribution, etc Pune
Name of publisher, distributor, etc Wordsmith Publications
270 ## - ADDRESS
Address 'Savitri', 31,Nirmal Baug. Near Muktangan High School,
City Pune
Postal code 411009 (India)
300 ## - PHYSICAL DESCRIPTION
Extent 72p.
Other physical details 24cm. (Hb)
Dimensions Col. ill.
942 ## - ADDED ENTRY ELEMENTS (KOHA)
Source of classification or shelving scheme Dewey Decimal Classification
Item type Children Books
Classification part S
Call number suffix MYB
Holdings
Withdrawn status Lost status Not for loan Collection code Home library Current library Date acquired Source of acquisition Cost, normal purchase price Full call number Barcode Copy number Cost, replacement price Koha item type Public note
      Fiction Bawana Bawana 02/09/2013 UBH/020/16.04.2013/201/20.03.2013/16.05.2013 130.00 S MYB B-523167 1 130.00 Children Books  
      Fiction Central Jail Tihar Central Jail Tihar 02/09/2013 UBH/020/16.04.2013/201/20.03.2013/16.05.2013 130.00 S MYB B-523165 1 130.00 Children Books  
      Fiction Central Library Central Library 02/09/2013 UBH/020/16.04.2013/201/20.03.2013/16.05.2013 130.00 S MYB B-523160 1 130.00 Children Books  
      Fiction Janak Puri Janak Puri 02/09/2013 UBH/020/16.04.2013/201/20.03.2013/16.05.2013 130.00 S MYB B-523166 1 130.00 Children Books  
      Fiction Kasturba Gandhi Marg Kasturba Gandhi Marg 02/09/2013 UBH/020/16.04.2013/201/20.03.2013/16.05.2013 130.00 S MYB B-523162 1 130.00 Children Books  
Written off     Fiction Narela Narela 02/09/2013 UBH/020/16.04.2013/201/20.03.2013/16.05.2013 130.00 S MYB B-523169 1 130.00 Children Books Written off on approval by DLB (By Circulation); dtd 20.12.2022
      Fiction New Rohtak Road New Rohtak Road 02/09/2013 UBH/020/16.04.2013/201/20.03.2013/16.05.2013 130.00 S MYB B-523168 1 130.00 Children Books  
      Fiction Patel Nagar Patel Nagar 02/09/2013 UBH/020/16.04.2013/201/20.03.2013/16.05.2013 130.00 S MYB B-523161 1 130.00 Children Books  
      Fiction Peshwa Road Peshwa Road 02/09/2013 UBH/020/16.04.2013/201/20.03.2013/16.05.2013 130.00 S MYB B-523163 1 130.00 Children Books  
Written off     Fiction Tri Nagar Tri Nagar 02/09/2013 UBH/020/16.04.2013/201/20.03.2013/16.05.2013 130.00 S MYB B-523164 1 130.00 Children Books  

© Delhi Public Library
Hit Counter
free hit counter